00475 2200181 4500001002100000005001500021035002000036245005300056100001900109250001200128300002900140260003100169082000800200084001400208008003900222990001600261990001600277INLIS00000000000195220191017023726 a0010-10190001461 ar.i.s.a.r.a /cRisa Saraswati dan Sara Wijayanto0 aRisa Saraswati aCet1.-- aiv+162 hlm ;c13 x 19 cm aJakarta :bRak Buku,c2014 a813 a813 RIS r191017 | | |  a00000001681 a00000001681